| 000 | 00373nam a2200157 a 4500 | ||
|---|---|---|---|
| 001 | 66 | ||
| 003 | CDMR | ||
| 005 | 20131004112426.0 | ||
| 008 | 130130s1980||||||||||||||||||||||||||||d | ||
| 020 | _a8436102215 | ||
| 040 |
_aCDMR _bcat _cCDMR |
||
| 100 | 1 |
_aMunsó Cabús, Joan _968 |
|
| 245 | 1 | 0 | _a40 años de radio (1940-1980) |
| 260 |
_aBarcelona _c1980 _bPicazo |
||
| 942 |
_cMON _2ddc |
||
| 999 |
_c66 _d66 |
||